| 000 | 00531nam a2200169 4500 | ||
|---|---|---|---|
| 001 | 148063 | ||
| 003 | ES-MaACL | ||
| 005 | 20230906202417.0 | ||
| 007 | t| | ||
| 008 | 070214s1965 sp r ||||1| spa d | ||
| 100 | 1 |
_aSpuler, Bertold. _9107813 |
|
| 245 | 1 | 4 |
_aLos mongoles en la historia / _cBertold Spuler ; traducción de Luis Hernández Alfonso. |
| 260 |
_aMadrid : _bCastillo, _c1965. |
||
| 300 |
_a150 p., 3 lám. ; _c21 cm + _e3 map. |
||
| 700 | 1 |
_aHernández Alfonso, Luis. _962874 |
|
| 852 |
_aES-MaACL _jC-29380 _bR.59550 |
||
| 999 |
_c148063 _d148063 |
||